00457nam a2200133Ia 45000010005000000080041000050820024000461000083000702450096001532600024002495900007002739010028002809990015003083139241024s9999 xx 000 0 und d aRD/305.2/R426a/2012 aRepública Dominicana. Ministerio de Economía, Planificación y Desarrollo 0aAnálisis de la situación de la infancia y la adolecencia en República Dominicana 2012 bSanto Domingoc2012 asi a28/8/2013 12:27:11 p.m. c9877d9877